Les Hébreux (notice n° 1568262)
[ vue normale ]
| 000 -LEADER | |
|---|---|
| fixed length control field | 01654cam a2200133 4500500 |
| 005 - DATE AND TIME OF LATEST TRANSACTION | |
| control field | 20251214004142.0 |
| 041 ## - LANGUAGE CODE | |
| Language code of text/sound track or separate title | fre |
| 042 ## - AUTHENTICATION CODE | |
| Authentication code | dc |
| 100 10 - MAIN ENTRY--PERSONAL NAME | |
| Personal name | Encel, Stéphane |
| Relator term | author |
| 245 00 - TITLE STATEMENT | |
| Title | Les Hébreux |
| 260 ## - PUBLICATION, DISTRIBUTION, ETC. | |
| Name of publisher, distributor, etc. | Armand Colin,<br/> |
| Date of publication, distribution, etc. | 2021.<br/> |
| 520 ## - SUMMARY, ETC. | |
| Summary, etc. | Jamais peut-être les sciences se rapportant à l’univers biblique n’auront suscité autant de recherches, de débats et de polémiques, touchant un très large public à travers le monde. L’archéologie, notamment, a fait des progrès considérables, apportant sans cesse de nouveaux éclairages sur le monde et le peuple qui ont produit – et qu’a produit – la Bible. Mais toutes ces perspectives ouvrent de nouvelles réflexions, bien plus larges, sur le sens même du message biblique : qu’en reste-t-il sous les fourches caudines de la Science ? La Bible ne risque-t-elle pas de se figer ou de s’assécher lorsqu’on la coupe trop radicalement de la tradition, pour en faire un simple sujet d’étude ? Au-delà de la Bible, que savons-nous réellement de la civilisation qui l’a fait naître ? Sur quels socles historiques et identitaires les Hébreux se sont-ils constitués en nation ? Comment ont-ils surmonté les défaites militaires et les processus d’acculturation ? Par une vision autant chronologique que thématique, en élargissant le champ aux voisins, partenaires ou ennemis du peuple d’Israël, et en repoussant bien des a priori, cette étude replace cette civilisation dans son temps, en dégageant ce qu’elle a à apporter au nôtre. |
| 856 41 - ELECTRONIC LOCATION AND ACCESS | |
| Uniform Resource Identifier | <a href="https://shs.cairn.info/les-hebreux--9782200629847?lang=fr&redirect-ssocas=7080">https://shs.cairn.info/les-hebreux--9782200629847?lang=fr&redirect-ssocas=7080</a> |
Pas d'exemplaire disponible.




Réseaux sociaux